000 004430000a22001810004500
003 MACL
005 20160107153002.0
008 160107b xxu||||| |||| 00| 0 eng d
040 _aMACL
_cMACL
041 _aEnglish
082 _a824/THU
100 _aThukral, Kishore
_929298
245 _aThe Chroniclers Daughter
260 _bRavi Dayal Publisher
_c2002
_aDelhi
350 _a300
650 _aEssays
_929299
942 _cBK
_k824/THU
_2ddc
999 _c37136
_d37136